000 00628nam a2200181 i 4500
001 184507
003 ES-MaACL
005 20230906222219.0
008 150921s1982 sp a |||| | spa d
080 _a821.134.2(72)-14"19"
100 1 _aMatus, Macario.
_9157541
245 1 0 _aNegra canción
_b: Juchitán /
_cMacario Matus ; grabados, Sabino López.
260 _a[México] :
_bEdiciones del H. Ayuntamiento Popular de Juchitán, Oaxaca,
_c[1982]
300 _a14 p. :
_bil. ;
_c22 cm.
596 _aFecha de publ. tomada de bibliografía del autor en la web.
599 _aGrab. en cub,.
852 _aES-MaACL
_j2331-F-23
999 _c184507
_d184507